LEADER 01643nam0 22003973i 450 001 RMS0048682 005 20251003044343.0 010 $a0195078276 010 $a9780195078275 100 $a20150408d1997 ||||0itac50 ba 101 | $aeng 102 $aus 181 1$6z01$ai $bxxxe 182 1$6z01$an 183 1$6z01$anc$2RDAcarrier 200 1 $aGeology of earthquakes$fRobert S. Yeats, Kerry Sieh, Clarence R. Allen 210 $aNew York$aOxford$cOxford University Press$d1997 215 $aVI, 568 p.$cill., carte geografiche$d30 cm 300 $aContiene bibliografia (p. 500-549) ed indice analitico 606 $aGeofisica$2FIR$3CFIC006702$9E 676 $a550$9Scienze della terra$v14 676 $a551.22$9$v21 696 $aFisica terrestre 699 $aGeofisica$yFisica terrestre 700 1$aYeats$b, Robert S.$3RMSV026460$4070$0745202 701 1$aSieh$b, Kerry$3RMSV026461$4070$0745203 701 1$aAllen$b, Clarence R.$3RT1V031256$4070$0745204 790 1$aAllen$b, Clarence Roderic$3RT1V045046$zAllen, Clarence R. 801 3$aIT$bIT-000000$c20150408 850 $aIT-BN0095 901 $bNAP 01$cSALA $n$ 912 $aRMS0048682 950 0$aBiblioteca Centralizzata di Ateneo$b1 v. in due copie$cv. 1-1 bis$d 01SALA 550 YEA.ge$e 0104 0000002445 VMA 1 v.$fA $h20070730$i20070730$b1 v. in due copie$cv. 1-1 bis$d 01SALA 550 YEA.ge$e 0104 9000003035 VMA (bis 1 v. (2 copia)$fA $h20080130$i20080130 977 $a 01 996 $aGeology of earthquakes$91485915 997 $aUNISANNIO